LEADER 00837nas a2200229 i 4500 001 000000193356 003 CaOOAMICUS 005 20110215000000.0 008 101019b2010 ne uu u0 0mul r 013 $a171996 040 $aSeMil$bita 245 10$a[2010 : 3]. 260 $aLeiden ; Boston :$bBrill,$ccopyr. 2010. 300 $aP. [309]-503 :$bill., tabelle ;$c24 cm. 500 $aArticoli con sintesi in inglese [Abstract] in testa. 773 0 $tVetus Testamentum.$dLeiden : Brill, 1951.$x0042-4935$w()3098 774 0 $t[vedi periodico].$w()273897 850 $aSeMil 852 $aSeMil$W1$xVenegono$y1$m100 5 59$j143930$B143930$CSeMilBibl$Z2$F159528 $85 961 $aAbbonamento: Brill 996 $6245$a[2010 : 3]$9(OLS)http://semarc/title/269151 996 $6260$aLeiden ; Boston :$bBrill$9(OLS)http://semarc/publisher/39473 LEADER 00981nam a2200265 i 4500 001 000000070040 003 CaOOAMICUS 005 20080619000000.0 008 080619s1979 it u000 u ita u 013 $a41212 040 $aSeMil$bita 100 1 $aCasini, Paolo,$d<1932- >.$0(OLS)http://semarc/name/3809 245 13$aLa natura /$cPaolo Casini. 260 $aMilano :$bMondadori,$c1979. 300 $a131 p. ;$c20 cm. 490 0 $aGli Oscar studio 490 0 $aEnciclopedia filosofica 500 $aContiene : Guida bibliografica. 650 4$aNatura .$0(OLS)http://semarc/subject/753 830 4$aGli Oscar studio.$0(OLS)http://semarc/title/8472 830 0$aEnciclopedia filosofica.$0(OLS)http://semarc/title/8805 850 $aSeMil 852 $aSeMil$W1$xVenegono$y1$m2P I 501$j36193$B36193$CSeMilBibl$Z2$F36196 $81 996 $6245$aLa natura$9(OLS)http://semarc/title/112334 996 $6260$aMilano :$bMondadori$9(OLS)http://semarc/publisher/30335